| 000 | 01308nam a22002897a 4500 | ||
|---|---|---|---|
| 003 | OSt | ||
| 005 | 20260211083422.0 | ||
| 008 | 240820b ||||| |||| 00| 0 eng d | ||
| 040 | _c0 | ||
| 082 | _aDPer 361.05 J826 January-April 2020 v. 67 n. 1-3 | ||
| 100 |
_aConstantino, Michael J. _eauthor. _958497 |
||
| 245 |
_aDyadic, longitudinal associations among outcome expectation and alliance, and their indirect effects on patient outcome / _cMichael J. Constantino, Adi Aviram, Alice E. Coyne, Katie Newkirk, Roger P. Greenberg, Henny A. Westra, and Martin M. Antony. |
||
| 260 |
_aWashington ; _bAmerican Psychological Association , _cJanuary 2020. |
||
| 300 |
_aVolume 67, pages 40-50 : _billustration ; _c28 cm. |
||
| 500 | _aJournal of Counseling Psychology, vol. 67, no.1, pages 40-50, January 2020. | ||
| 650 | 0 |
_aLongitudinal studies. _964916 |
|
| 650 | 0 |
_aMotivation physiology. _965325 |
|
| 650 | 0 |
_aTreatment outcome. _965324 |
|
| 700 |
_aConstantino, Michael J. _eauthor. _958497 |
||
| 700 |
_aAviram, Adi. _eauthor. _958498 |
||
| 700 |
_aCoyne, Alice E. _eauthor. _958499 |
||
| 700 |
_aNewkirk, Katie. _eauthor. _958500 |
||
| 700 |
_aGreenberg, Roger P. _eauthor. _958501 |
||
| 700 |
_aWestra, Henny A. _eauthor. _958502 |
||
| 700 |
_aAntony, Martin M. _eauthor. _958503 |
||
| 942 |
_2ddc _cPER |
||
| 999 |
_c20711 _d20711 |
||